000 00558nam a2200169Ia 4500
003 LK-CoDNM
005 20240119153249.0
008 010623t1916 xxu||||| |||| 00| 1 sin d
040 _aLK-CoDNM
_dLK-CoDNM
_eLK-CoDNM
041 _asin
080 _a104
_bK 2
245 _aහලාවත විද්‍යාවර්ධන සමිතියේ පළමු වාර්ෂික වාර්ථාව
246 _aFirst Annual Report Vidyavardana Samitiya Slave Island
260 _bBastian Co.
_aColombo
_c1916
300 _b27p, 21 cm
942 _cBK
999 _c89035
_d89035